100 Largest Communist Cities in 1980 on a Map - Statistics

General Stats
  • This quiz has been taken 105 times
  • The average score is 62 of 100
Answers on the Map
Answers color-coded by a green-red scale on the quiz's map according to % correct below.
 
Answer Stats
Pop. Country City % Correct
4.59 m 1280px-Flag_of_the_Soviet_Union.svg.png Leningrad
99%
8.01 m 1280px-Flag_of_the_Soviet_Union.svg.png Moscow
99%
5.37 m 960px-Flag_of_the_People%27s_Republic_of_China_%28alternate%29.svg.png Beijing
98%
1.93 m 1280px-Flag_of_Cuba.svg.png Havana
97%
1.60 m 1280px-Flag_of_the_Soviet_Union.svg.png Warsaw
97%
1.87 m 960px-Flag_of_Romania_%281965%E2%80%931989%29.svg.png Bucharest
94%
2.06 m 1280px-Flag_of_Hungary.svg.png Budapest
94%
899 k 960px-Flag_of_Vietnam.svg.png Hanoi
94%
2.14 m 1280px-Flag_of_the_Soviet_Union.svg.png Kiev
94%
5.93 m 960px-Flag_of_the_People%27s_Republic_of_China_%28alternate%29.svg.png Shanghai
94%
1.07 m 960px-Flag_of_Bulgaria_%281971%E2%80%931990%29.svg.png Sofia
94%
1.18 m 960px-Flag_of_Ethiopia_%281975%E2%80%931987%2C_with_emblem%29.svg.png Addis Ababa
93%
1.16 m 1920px-Flag_of_East_Germany.svg.png East Berlin
93%
1.09 m 1280px-Flag_of_Yugoslavia_%281946-1992%29.svg.png Belgrade
92%
1.18 m 960px-Flag_of_the_Czech_Republic.svg.png Prague
92%
656 k 1280px-Flag_of_Yugoslavia_%281946-1992%29.svg.png Zagreb
92%
2.72 m 960px-Flag_of_Vietnam.svg.png Ho Chi Minh City
91%
913 k 1280px-Flag_of_Afghanistan_%281978%E2%80%931980%29.svg.png Kabul
91%
1.87 m 960px-Flag_of_the_People%27s_Republic_of_China_%28alternate%29.svg.png Guangzhou
90%
1.28 m 1280px-Flag_of_the_Soviet_Union.svg.png Minsk
90%
716 k 1280px-Flag_of_the_Soviet_Union.svg.png Kraków
89%
551 k 960px-Flag_of_Somalia.svg.png Mogadishu
89%
1.84 m 1280px-Flag_of_North_Korea_%28alternative_colours_tone_version%29.svg.png Pyongyang
89%
1.02 m 1280px-Flag_of_the_Soviet_Union.svg.png Yerevan
89%
1.02 m 1280px-Flag_of_the_Soviet_Union.svg.png Baku
88%
1.05 m 1280px-Flag_of_the_Soviet_Union.svg.png Odessa
88%
771 k 960px-Flag_of_Angola.svg.png Luanda
87%
828 k 1280px-Flag_of_the_Soviet_Union.svg.png Riga
87%
1.02 m 1280px-Flag_of_the_Soviet_Union.svg.png Donetsk
84%
667 k 1280px-Flag_of_the_Soviet_Union.svg.png Lvov
84%
1.07 m 1280px-Flag_of_the_Soviet_Union.svg.png Tbilisi
84%
1.78 m 1280px-Flag_of_the_Soviet_Union.svg.png Tashkent
83%
1.44 m 1280px-Flag_of_the_Soviet_Union.svg.png Kharkov
82%
2.52 m 960px-Flag_of_the_People%27s_Republic_of_China_%28alternate%29.svg.png Wuhan
82%
1.18 m 960px-Flag_of_the_People%27s_Republic_of_China_%28alternate%29.svg.png Xi'an
82%
929 k 1280px-Flag_of_the_Soviet_Union.svg.png Volgograd
81%
2.15 m 960px-Flag_of_the_People%27s_Republic_of_China_%28alternate%29.svg.png Chengdu
79%
563 k 1920px-Flag_of_East_Germany.svg.png Leipzig
79%
550 k 960px-Flag_of_Mozambique_%281975%E2%80%931983%29.svg.png Maputo
79%
2.96 m 960px-Flag_of_the_People%27s_Republic_of_China_%28alternate%29.svg.png Chongqing
74%
550 k 1280px-Flag_of_the_Soviet_Union.svg.png Vladivostok
74%
934 k 1280px-Flag_of_the_Soviet_Union.svg.png Rostov-on-Don
73%
910 k 1280px-Flag_of_the_Soviet_Union.svg.png Alma-Ata
72%
881 k 960px-Flag_of_the_People%27s_Republic_of_China_%28alternate%29.svg.png Ürümqi
72%
1.34 m 1280px-Flag_of_the_Soviet_Union.svg.png Gorky
71%
1.31 m 1280px-Flag_of_the_Soviet_Union.svg.png Novosibirsk
71%
3.75 m 960px-Flag_of_the_People%27s_Republic_of_China_%28alternate%29.svg.png Tianjin
71%
1.99 m 960px-Flag_of_the_People%27s_Republic_of_China_%28alternate%29.svg.png Harbin
70%
836 k 1280px-Flag_of_the_Soviet_Union.svg.png Łódź
70%
618 k 1280px-Flag_of_the_Soviet_Union.svg.png Wrocław
70%
1.73 m 960px-Flag_of_the_People%27s_Republic_of_China_%28alternate%29.svg.png Nanjing
69%
993 k 1280px-Flag_of_the_Soviet_Union.svg.png Kazan
68%
553 k 1280px-Flag_of_the_Soviet_Union.svg.png Poznań
68%
1.08 m 1280px-Flag_of_the_Soviet_Union.svg.png Dnipropetrovsk
66%
1.01 m 1280px-Flag_of_the_Soviet_Union.svg.png Omsk
66%
1.21 m 1280px-Flag_of_the_Soviet_Union.svg.png Sverdlovsk
64%
1.42 m 960px-Flag_of_the_People%27s_Republic_of_China_%28alternate%29.svg.png Dalian
62%
1.10 m 960px-Flag_of_the_People%27s_Republic_of_China_%28alternate%29.svg.png Qingdao
61%
741 k 960px-Flag_of_the_People%27s_Republic_of_China_%28alternate%29.svg.png Fuzhou
58%
1.14 m 960px-Flag_of_the_People%27s_Republic_of_China_%28alternate%29.svg.png Hangzhou
57%
1.22 m 1280px-Flag_of_the_Soviet_Union.svg.png Kuybyshev
57%
1.03 m 1280px-Flag_of_the_Soviet_Union.svg.png Chelyabinsk
54%
562 k 960px-Flag_of_the_People%27s_Republic_of_China_%28alternate%29.svg.png Kunming
54%
550 k 1280px-Flag_of_the_Soviet_Union.svg.png Irkutsk
53%
1.01 m 1280px-Flag_of_the_Soviet_Union.svg.png Perm
53%
969 k 1280px-Flag_of_the_Soviet_Union.svg.png Ufa
53%
830 k 960px-Flag_of_the_People%27s_Republic_of_China_%28alternate%29.svg.png Changsha
51%
781 k 1280px-Flag_of_the_Soviet_Union.svg.png Zaporizhia
51%
3.42 m 960px-Flag_of_the_People%27s_Republic_of_China_%28alternate%29.svg.png Shenyang
50%
856 k 1280px-Flag_of_the_Soviet_Union.svg.png Saratov
47%
818 k 960px-Flag_of_the_People%27s_Republic_of_China_%28alternate%29.svg.png Zhengzhou
47%
556 k 960px-Flag_of_the_People%27s_Republic_of_China_%28alternate%29.svg.png Suzhou
44%
824 k 1280px-Flag_of_the_Soviet_Union.svg.png Voronezh
44%
751 k 960px-Flag_of_the_People%27s_Republic_of_China_%28alternate%29.svg.png Hefei
42%
621 k 960px-Flag_of_the_People%27s_Republic_of_China_%28alternate%29.svg.png Nanning
41%
796 k 1280px-Flag_of_the_Soviet_Union.svg.png Krasnoyarsk
38%
949 k 960px-Flag_of_the_People%27s_Republic_of_China_%28alternate%29.svg.png Wenzhou
38%
991 k 960px-Flag_of_the_People%27s_Republic_of_China_%28alternate%29.svg.png Shijiazhuang
34%
1.11 m 960px-Flag_of_the_People%27s_Republic_of_China_%28alternate%29.svg.png Taiyuan
34%
1.03 m 960px-Flag_of_the_People%27s_Republic_of_China_%28alternate%29.svg.png Lanzhou
33%
1.66 m 960px-Flag_of_the_People%27s_Republic_of_China_%28alternate%29.svg.png Changchun
31%
1.26 m 960px-Flag_of_the_People%27s_Republic_of_China_%28alternate%29.svg.png Jinan
30%
705 k 1280px-Flag_of_the_Soviet_Union.svg.png Krivoy Rog
29%
883 k 960px-Flag_of_the_People%27s_Republic_of_China_%28alternate%29.svg.png Guiyang
28%
777 k 960px-Flag_of_the_People%27s_Republic_of_China_%28alternate%29.svg.png Jilin
27%
597 k 1280px-Flag_of_the_Soviet_Union.svg.png Yaroslavl
27%
773 k 960px-Flag_of_the_People%27s_Republic_of_China_%28alternate%29.svg.png Wuxi
24%
570 k 960px-Flag_of_the_People%27s_Republic_of_China_%28alternate%29.svg.png Foshan
23%
594 k 1280px-Flag_of_North_Korea_%28alternative_colours_tone_version%29.svg.png Hamhung
23%
788 k 960px-Flag_of_the_People%27s_Republic_of_China_%28alternate%29.svg.png Nanchang
23%
621 k 960px-Flag_of_the_People%27s_Republic_of_China_%28alternate%29.svg.png Xuzhou
21%
572 k 1280px-Flag_of_the_Soviet_Union.svg.png Karaganda
17%
812 k 960px-Flag_of_the_People%27s_Republic_of_China_%28alternate%29.svg.png Qiqihar
16%
967 k 960px-Flag_of_the_People%27s_Republic_of_China_%28alternate%29.svg.png Anshan
13%
758 k 960px-Flag_of_the_People%27s_Republic_of_China_%28alternate%29.svg.png Tangshan
13%
565 k 960px-Flag_of_the_People%27s_Republic_of_China_%28alternate%29.svg.png Datong
12%
835 k 960px-Flag_of_the_People%27s_Republic_of_China_%28alternate%29.svg.png Baotou
11%
606 k 960px-Flag_of_the_People%27s_Republic_of_China_%28alternate%29.svg.png Huainan
9%
991 k 960px-Flag_of_the_People%27s_Republic_of_China_%28alternate%29.svg.png Fushun
8%
619 k 960px-Flag_of_the_People%27s_Republic_of_China_%28alternate%29.svg.png Benxi
4%
No matching quizzes found
Score Distribution
Percent of People with Each Score
Percentile by Number Answered
Your Score History
You have not taken this quiz